000 00949nam a22002297a 4500
005 20251003103101.0
008 251003b ag ||||| |||| 00| 0 spa d
020 _a9875083712
050 0 4 _aNA837.M65
_bC65 2004
100 1 _aCollado, Adriana.
245 1 0 _aPatrimonio urbano arquitectónico de Moisés Ville
_b: inventario de la primera colonia agrícola judía en Argentina
_c/ Adriana Collado, María Elena Del Barco, Eva Guelbert de Rosenthal.
250 _a1a ed.
260 _aSanta Fe, Argentina :
_bUniversidad Nacional del Litoral,
_c2004.
300 _a123 p. :
_bil. ;
_c30 cm.
490 0 _aPolis científica ;
_v5.
650 7 _2lemb
_aArquitectura
_zArgentina
_zMoisés Ville
650 7 _2lemb
_aPatrimonio cultural
_zArgentina
_zMoisés Ville
650 7 _2lemb
_aEstudios arquitectónicos
_zArgentina
_zMoisés Ville
700 1 _aBarco, María Elena del,
_eautor
700 1 _aRosenthal, Eva Guelbert,
_eautor
942 _2lcc
_cLIB
999 _c135773
_d135773